000 00611nam a2200205 i 4500
001 85288
003 ES-MaACL
005 20260210162437.0
007 t|
008 041126s1911 fr ||||1| fre d
100 1 _aJouzier, E.
_967045
245 1 0 _aLegislation rurale /
_cpar E. Jouzier ; introduction par P. Regnard.
260 _a[S.l. :
_bs.n.],
_c1911 (
_eCorbeil :
_fCrété)
300 _a532 p. ;
_c18 cm.
490 1 _aEncyclopédie agricole
700 1 _aRegnard, Paul (
_d1850-1927)
_9150831
830 0 _aEncyclopédie agricole
_9180885
852 _aES-MaACL
_jD-3727
999 _c85288
_d85288